CASE* method : function and precess modelling

Αποθηκεύτηκε σε:
Λεπτομέρειες βιβλιογραφικής εγγραφής
Κύριος συγγραφέας: Barker, Richard 1946-
Άλλοι συγγραφείς: Longman, Cliff 1959-
Μορφή: Βιβλίο
Γλώσσα:English
Δημοσίευση: Wokingham, England : Addison-Wesley, 1992
Σειρά:CASE method
Θέματα:
Ετικέτες: Προσθήκη ετικέτας
Δεν υπάρχουν, Καταχωρήστε ετικέτα πρώτοι!

MARC

LEADER 00000nam a2200000 i 4500
001 1/24574
008 950406s1992 eng d
020 |a 0-201-56525-0 
035 |a 1995  |l 10022318 
040 |a GR-MY-UA  |b gre  |e aacr 
041 0 |a eng 
082 0 |a 658.40352 
100 1 |a Barker, Richard  |d 1946- 
245 1 0 |a CASE* method :  |b function and precess modelling /  |c Richard Barker, Cliff Longman 
260 |a Wokingham, England :   |b Addison-Wesley,   |c 1992 
300 |a xiv, 386 p.;  |c 24 cm. 
490 1 |a Computer aided systems engineering 
500 |a Includes index 
650 0 0 |a Management science  |x Computer simulation. 
700 1 |a Longman, Cliff  |d 1959- 
830 0 |a CASE method 
852 |a INST  |b CHIOS  |e 19960718  |h 658.40352 BAR  |p 005200003628  |q 005200003628  |t BK  |y 0 
852 |a INST  |b SAMOS  |e 19950406  |h 005.1 BAR  |p 005300005747  |q 005300005747  |t BK  |y 0 
909 |a Χ  |b 037028 
909 |a Σ  |b 039667